[Event "RUS-chT Blitz Men 2018"]
[Site "Sochi"]
[Date "2018.10.10"]
[Round "13"]
[White "Sergeyev, Alexander"]
[Black "Kamsky, Gata"]
[Result "0-1"]
[WhiteElo "2397"]
[BlackElo "2666"]
[Annotator "TA"]
[PlyCount "60"]
[EventDate "2018.10.10"]
[EventType "swiss"]
[EventCountry "RUS"]
[SourceTitle "playchess.com"]
[Source "ChessBase"]
[SourceQuality "1"]

1. d4 Nf6 2. Nf3 g6 3. c4 Bg7 4. Nc3 O-O 5. Bg5 d6 6. e3 h6 7. Bh4 Bf5 8. Be2 Ne4 9. Rc1 Nxc3 10. Rxc3 c5 11. O-O Nc6 12. Rb3 b6 13. h3 Rc8 14. Re1 Nb4 15. Qd2 Be4 16. a3 Nc6 17. d5 Na5 18. Rc3 Bxc3 19. Qxc3 Bxf3 20. Bxf3 Qd7 21. e4 Rce8 22. Bd1 g5 23. Bg3 e5 24. dxe6 fxe6 25. b4 Nc6 26. Ba4 Qc7 27. e5 dxe5 28. Rxe5 Nxe5 29. Bxe5 Qf7 30. Qe3 Rc8 0-1

[Event "RUS-chT Blitz Men 2018"]
[Site "Sochi"]
[Date "2018.10.10"]
[Round "13"]
[White "Tekeyev, Zaur"]
[Black "Bocharov, Dmitry"]
[Result "1-0"]
[WhiteElo "2392"]
[BlackElo "2557"]
[Annotator "TA"]
[PlyCount "205"]
[EventDate "2018.10.10"]
[EventType "swiss"]
[EventCountry "RUS"]
[SourceTitle "playchess.com"]
[Source "ChessBase"]
[SourceQuality "1"]

1. e4 c5 2. Nf3 e6 3. d4 cxd4 4. Nxd4 a6 5. c4 Nf6 6. Nc3 Qc7 7. Be2 Bb4 8. Qd3 d6 9. Nc2 Bxc3+ 10. Qxc3 e5 11. Qd3 Be6 12. Ne3 Nbd7 13. f3 O-O 14. O-O b5 15. cxb5 axb5 16. Qxb5 Rfb8 17. Qd3 Bxa2 18. Bd2 Nc5 19. Qc3 Qb6 20. b4 Nb3 21. Rad1 Nd4 22. Bd3 Be6 23. Ra1 h6 24. Rxa8 Rxa8 25. Ra1 Rc8 26. Qb2 Nb3 27. Ra6 Qb8 28. Kf2 Nxd2 29. Qxd2 Rd8 30. b5 d5 31. exd5 Nxd5 32. Nxd5 Rxd5 33. Qe3 Qd8 34. Be4 Rxb5 35. Ra8 Rb8 36. Rxb8 Qxb8 37. g4 Qd8 38. Kg3 Qf8 39. Qd3 Kh8 40. h4 Qe7 41. Qb5 Bd7 42. Qb8+ Qe8 43. Qd6 Kg8 44. Bd5 Kh8 45. Be4 f6 46. Bc2 Be6 47. Qd3 Bg8 48. h5 Qb8 49. Qd7 Bh7 50. Bxh7 Kxh7 51. Qf5+ Kh8 52. Qe6 e4+ 53. Kf2 Qa7+ 54. Kg2 exf3+ 55. Kxf3 Qa8+ 56. Kg3 Qg8 57. Qf5 Qb3+ 58. Kh4 Qc3 59. Qe6 Qe5 60. Qc8+ Kh7 61. Qc2+ Kg8 62. Qc8+ Kf7 63. Qd7+ Qe7 64. Qd5+ Kf8 65. Qa8+ Qe8 66. Qd5 Qe1+ 67. Kh3 Qe3+ 68. Kg2 Qe5 69. Qd7 Qc5 70. Qd8+ Kf7 71. Qd7+ Qe7 72. Qd5+ Qe6 73. Qb7+ Kg8 74. Qb8+ Kh7 75. Qb1+ Kh8 76. Qb8+ Qg8 77. Qf4 Qb3 78. Qe4 Qb2+ 79. Kh3 Qb8 80. Qe6 Qd8 81. Qe4 Kg8 82. Qe6+ Kf8 83. Qe4 Qb6 84. Qa8+ Ke7 85. Qe4+ Kd7 86. Qg6 Qe3+ 87. Kg2 Qe7 88. Kh3 Kd6 89. Qd3+ Kc7 90. Qg6 Qd7 91. Qc2+ Qc6 92. Qg6 Qh1+ 93. Kg3 Qg1+ 94. Kh3 Qf1+ 95. Kg3 Qe1+ 96. Kh3 Qe3+ 97. Kg2 Qg5 98. Qf7+ Kd6 99. Qf8+ Ke5 100. Qb8+ Ke4 101. Qb4+ Ke3 102. Qc3+ Kf4 103. Qd4# 1-0

[Event "RUS-chT Blitz Men 2018"]
[Site "Sochi"]
[Date "2018.10.10"]
[Round "13"]
[White "Ozgibcev, Anatoly"]
[Black "Ponkratov, Pavel"]
[Result "0-1"]
[WhiteElo "2368"]
[BlackElo "2628"]
[Annotator "TA"]
[PlyCount "130"]
[EventDate "2018.10.10"]
[EventType "swiss"]
[EventCountry "RUS"]
[SourceTitle "playchess.com"]
[Source "ChessBase"]
[SourceQuality "1"]

1. e4 c5 2. c3 d6 3. d4 Nf6 4. dxc5 Nc6 5. cxd6 Nxe4 6. Nd2 Nxd6 7. Nc4 e5 8. Nf3 Bg4 9. Nxd6+ Bxd6 10. Be2 O-O 11. O-O Qc7 12. Ng5 Bxe2 13. Qxe2 h6 14. Ne4 Be7 15. f3 f5 16. Ng3 Kh8 17. Rd1 Rae8 18. Kh1 Bc5 19. b4 Bb6 20. a3 e4 21. fxe4 f4 22. Nf1 Ne5 23. Qe1 f3 24. g3 f2 25. Qe2 Qxc3 26. Bb2 Qc4 27. Rd2 Qxe2 28. Rxe2 Nd3 29. Rb1 Rc8 30. e5 Rfe8 31. Ba1 Rc6 32. Rd1 Nc1 33. Re4 Nb3 34. Kg2 Kh7 35. h4 Re7 36. h5 Rce6 37. Bb2 Rc6 38. Rd3 Nc1 39. Rd1 Na2 40. Rd3 Rc2 41. Rb3 Nc1 42. Rc3 Rxb2 43. Rxc1 Rb3 44. e6 Rd3 45. Rc2 Rd6 46. Rce2 g6 47. Nd2 gxh5 48. Nc4 Rd1 49. Rxf2 Bxf2 50. Kxf2 Kg6 51. Ne5+ Kf5 52. Re3 Rxe6 53. Nc4 Rc1 54. Rf3+ Kg6 55. Ne3 Rc3 56. a4 Ra3 57. a5 Rb3 58. Nd5 Rxf3+ 59. Kxf3 Re5 60. Nf4+ Kf5 61. Nd3 Rd5 62. Nf2 Rd4 63. b5 Rd5 64. b6 Rxa5 65. bxa7 Rxa7 0-1

[Event "RUS-chT Blitz Men 2018"]
[Site "Sochi"]
[Date "2018.10.10"]
[Round "13"]
[White "Papenin, Nikolai"]
[Black "Iljiushenok, Ilia"]
[Result "0-1"]
[WhiteElo "2334"]
[BlackElo "2539"]
[Annotator "TA"]
[PlyCount "102"]
[EventDate "2018.10.10"]
[EventType "swiss"]
[EventCountry "RUS"]
[SourceTitle "playchess.com"]
[Source "ChessBase"]
[SourceQuality "1"]

1. d4 Nf6 2. c4 g6 3. Nc3 Bg7 4. e4 d6 5. Bd3 O-O 6. Nge2 Nc6 7. O-O Re8 8. f4 Bg4 9. h3 Bxe2 10. Bxe2 e5 11. d5 Nd4 12. fxe5 dxe5 13. Bg5 h6 14. Bh4 Qd6 15. Kh1 Nd7 16. Nb5 Qb6 17. a4 a5 18. Ra3 Nc5 19. Bd3 g5 20. Be1 Re7 21. Bb1 Rf8 22. h4 Qg6 23. hxg5 hxg5 24. Rh3 Nxe4 25. Nxd4 exd4 26. g4 f5 27. gxf5 Rxf5 28. Rg1 Rf4 29. Qd3 Bf6 30. Bg3 Nxg3+ 31. Rhxg3 Rh7+ 32. Kg2 Qxd3 33. Bxd3 Re7 34. Rh1 Re3 35. Rhh3 Rxg3+ 36. Rxg3 b6 37. Rh3 g4 38. Rh6 Bg7 39. Rc6 Be5 40. Re6 Bg7 41. Re4 Rxe4 42. Bxe4 Be5 43. Bd3 Kf7 44. Bf5 g3 45. Bd3 Ke7 46. Kf3 Kd6 47. b3 Kc5 48. Be4 Kb4 49. Bc2 Kc3 50. Bd1 d3 51. Ke4 g2 0-1

[Event "RUS-chT Blitz Men 2018"]
[Site "Sochi"]
[Date "2018.10.10"]
[Round "13"]
[White "Inozemtsev, Sergei"]
[Black "Shcherbakov, Ruslan"]
[Result "0-1"]
[WhiteElo "2310"]
[BlackElo "2516"]
[Annotator "TA"]
[PlyCount "100"]
[EventDate "2018.10.10"]
[EventType "swiss"]
[EventCountry "RUS"]
[SourceTitle "playchess.com"]
[Source "ChessBase"]
[SourceQuality "1"]

1. e4 c5 2. Nf3 Nc6 3. Bb5 g6 4. Bxc6 bxc6 5. O-O Bg7 6. Re1 Nh6 7. h3 O-O 8. c3 f5 9. e5 Nf7 10. d4 cxd4 11. cxd4 Bb7 12. Nc3 c5 13. d5 e6 14. Bf4 Qa5 15. a3 h6 16. Qd3 Rfe8 17. Rad1 Rac8 18. Nd2 Ba6 19. Qc2 c4 20. dxe6 dxe6 21. Bh2 Red8 22. Nf3 Rd3 23. Nd4 Qb6 24. Nf3 Rcd8 25. Rc1 g5 26. Na4 Qc6 27. Re2 f4 28. Ne1 R3d4 29. b4 Bb7 30. Nc5 Ba8 31. f3 Nxe5 32. Ne4 Nd3 33. Nxd3 cxd3 34. Qxc6 Bxc6 35. Rd2 Bxe4 36. fxe4 Rxe4 37. Rcd1 Red4 38. Kf1 e5 39. Bg1 R4d7 40. Bxa7 e4 41. Bb6 Rb8 42. Bc5 Bc3 43. Ra2 e3 44. Rxd3 Rxd3 45. a4 Rd1+ 46. Ke2 Rd2+ 47. Rxd2 exd2 48. Kd1 Bxb4 49. Bxb4 Rxb4 50. Kxd2 Rxa4 0-1

[Event "RUS-chT Blitz Men 2018"]
[Site "Sochi"]
[Date "2018.10.10"]
[Round "13"]
[White "Truskavetsky, Alexandr"]
[Black "Grigoriants, Boris"]
[Result "1-0"]
[WhiteElo "2307"]
[BlackElo "1914"]
[Annotator "NA"]
[PlyCount "47"]
[EventDate "2018.10.10"]
[EventType "swiss"]
[EventCountry "RUS"]
[SourceTitle "playchess.com"]
[Source "ChessBase"]
[SourceQuality "1"]

1. d4 Nf6 2. c4 g6 3. g3 Bg7 4. Bg2 d6 5. Nc3 O-O 6. Nf3 Nbd7 7. O-O e5 8. e4 exd4 9. Nxd4 Re8 10. h3 Nc5 11. Re1 a5 12. b3 Bd7 13. Bf4 a4 14. b4 Ne6 15. Be3 Nxd4 16. Bxd4 Be6 17. Nd5 Nxd5 18. cxd5 Bd7 19. Rc1 a3 20. Bxg7 Kxg7 21. Qd4+ f6 22. f4 Bb5 23. e5 fxe5 24. fxe5 1-0

[Event "RUS-chT Blitz Men 2018"]
[Site "Sochi"]
[Date "2018.10.10"]
[Round "13"]
[White "Linker, Mikhail"]
[Black "Babayan, Arman S."]
[Result "1-0"]
[WhiteElo "2269"]
[BlackElo "1673"]
[Annotator "NA"]
[PlyCount "55"]
[EventDate "2018.10.10"]
[EventType "swiss"]
[EventCountry "RUS"]
[SourceTitle "playchess.com"]
[Source "ChessBase"]
[SourceQuality "1"]

1. d4 d5 2. c4 e6 3. Nf3 Nf6 4. e3 Be7 5. b3 O-O 6. Bd3 b6 7. O-O Bb7 8. Bb2 Nbd7 9. Nc3 c5 10. Qe2 Rc8 11. Rfd1 Bd6 12. Rac1 Qe7 13. Bb1 Rfd8 14. h3 h6 15. a3 Bb8 16. cxd5 exd5 17. dxc5 bxc5 18. Na4 Nb6 19. Qb5 Nxa4 20. Qxa4 Bc6 21. Qh4 d4 22. exd4 Bxf3 23. gxf3 cxd4 24. Rxc8 Rxc8 25. Qxd4 Qc7 26. Kf1 Qh2 27. Qd8+ Ne8 28. Qxc8 1-0

[Event "RUS-chT Blitz Men 2018"]
[Site "Sochi"]
[Date "2018.10.10"]
[Round "13"]
[White "Tsvetkov, Andrey"]
[Black "Alekseev, Evgeny"]
[Result "0-1"]
[WhiteElo "2264"]
[BlackElo "2620"]
[Annotator "TA"]
[PlyCount "72"]
[EventDate "2018.10.10"]
[EventType "swiss"]
[EventCountry "RUS"]
[SourceTitle "playchess.com"]
[Source "ChessBase"]
[SourceQuality "1"]

1. d4 Nf6 2. c4 e6 3. Nc3 Bb4 4. e3 O-O 5. Bd3 d5 6. cxd5 exd5 7. Nge2 Re8 8. O-O Bf8 9. Bd2 c6 10. f3 c5 11. dxc5 Bxc5 12. Nd4 Nc6 13. Nce2 Qb6 14. Qc2 Bd7 15. Rac1 Bf8 16. Qb3 Qxb3 17. axb3 g6 18. Kf2 Rac8 19. Bc3 Bg7 20. Nb5 Red8 21. Nd6 Rb8 22. Nd4 a6 23. Nxc6 Bxc6 24. Bb4 Bf8 25. Bc3 Nd7 26. Ba5 Ne5 27. Be2 Rxd6 28. Bc7 Re8 29. Bxd6 Bxd6 30. f4 Nd7 31. Rfe1 Bb4 32. Red1 Bc5 33. Rd3 Bb6 34. h4 Nf6 35. h5 Bb5 36. Rdc3 Ne4+ 0-1

[Event "RUS-chT Blitz Men 2018"]
[Site "Sochi"]
[Date "2018.10.10"]
[Round "13"]
[White "Borisova, Ekaterina"]
[Black "Yuffa, Daniil"]
[Result "0-1"]
[WhiteElo "2256"]
[BlackElo "2563"]
[Annotator "TA"]
[PlyCount "54"]
[EventDate "2018.10.10"]
[EventType "swiss"]
[EventCountry "RUS"]
[SourceTitle "playchess.com"]
[Source "ChessBase"]
[SourceQuality "1"]

1. d4 Nf6 2. Nf3 d5 3. g3 Bf5 4. Bg2 c6 5. O-O e6 6. c4 Nbd7 7. Nc3 Be7 8. Nd2 O-O 9. e4 dxe4 10. Ndxe4 Nxe4 11. Nxe4 e5 12. d5 Bxe4 13. Bxe4 Nf6 14. Bg2 cxd5 15. cxd5 Bd6 16. Bg5 h6 17. Bxf6 Qxf6 18. Qb3 Qe7 19. Rac1 f5 20. Rfe1 Kh8 21. a3 Rae8 22. Kh1 e4 23. f3 Qg5 24. fxe4 f4 25. gxf4 Rxf4 26. Rg1 Rh4 27. h3 Qe5 0-1

[Event "RUS-chT Blitz Men 2018"]
[Site "Sochi"]
[Date "2018.10.10"]
[Round "13"]
[White "Nuristani, Iman"]
[Black "Khanin, Semen"]
[Result "0-1"]
[WhiteElo "2242"]
[BlackElo "2510"]
[Annotator "TA"]
[PlyCount "126"]
[EventDate "2018.10.10"]
[EventType "swiss"]
[EventCountry "RUS"]
[SourceTitle "playchess.com"]
[Source "ChessBase"]
[SourceQuality "1"]

1. d4 Nf6 2. c4 e6 3. Nc3 Bb4 4. a3 Bxc3+ 5. bxc3 c5 6. e3 d6 7. Bd3 Nc6 8. Ne2 b6 9. Ng3 O-O 10. e4 cxd4 11. cxd4 Nxd4 12. Bb2 e5 13. O-O Qc7 14. Rc1 Qc5 15. h3 Ne6 16. Ne2 Bb7 17. Qc2 Rac8 18. Kh1 Ng5 19. Ng3 Ne6 20. Ne2 Qc6 21. Nc3 Nc5 22. Nd5 Qd7 23. Nxf6+ gxf6 24. f4 Qc6 25. Rce1 Kh8 26. Rf3 Nxd3 27. Qxd3 Rg8 28. fxe5 dxe5 29. Ref1 Rg6 30. Rxf6 Qxe4 31. Qxe4 Bxe4 32. Bxe5 Kg8 33. Rxg6+ hxg6 34. Rc1 Bd3 35. Rc3 Bxc4 36. h4 Kf8 37. Re3 Be6 38. Kh2 Ke8 39. Bf6 Kd7 40. Rd3+ Ke8 41. Kg3 b5 42. Kf4 a5 43. g4 b4 44. axb4 axb4 45. h5 gxh5 46. gxh5 Kf8 47. Rd8+ Rxd8 48. Bxd8 Kg7 49. Ba5 b3 50. Bc3+ Kh6 51. Bb2 Kxh5 52. Bc3 Kh4 53. Bb2 Kh3 54. Bc3 Kg2 55. Ke3 f5 56. Bb2 Kg3 57. Be5+ Kg4 58. Bb2 f4+ 59. Kf2 Kf5 60. Bc3 Ke4 61. Bb2 Bd5 62. Ba1 Kd3 63. Be5 f3 0-1

[Event "RUS-chT Blitz Men 2018"]
[Site "Sochi"]
[Date "2018.10.10"]
[Round "13"]
[White "Dudin, Gleb"]
[Black "Romanov, Evgeny"]
[Result "0-1"]
[WhiteElo "2178"]
[BlackElo "2614"]
[Annotator "TA"]
[PlyCount "87"]
[EventDate "2018.10.10"]
[EventType "swiss"]
[EventCountry "RUS"]
[SourceTitle "playchess.com"]
[Source "ChessBase"]
[SourceQuality "1"]

1. d4 Nf6 2. c4 b6 3. Nf3 Bb7 4. e3 g6 5. Nc3 Bg7 6. Be2 O-O 7. O-O e6 8. Qc2 c5 9. b3 cxd4 10. Nxd4 a6 11. Bb2 Qc7 12. Rac1 d6 13. Rfd1 Nbd7 14. Bf3 Rfd8 15. Qe2 Ne5 16. Bxb7 Qxb7 17. Nf3 Nc6 18. Rd2 b5 19. cxb5 axb5 20. Nxb5 Ne4 21. Bxg7 Nxd2 22. Bf6 Nxf3+ 23. Qxf3 Qxb5 24. Bxd8 d5 25. Bf6 Rxa2 26. Qh3 Qe2 27. Rf1 h5 28. Qh4 Qb5 29. Qg5 Kh7 30. h3 Qxb3 31. g4 Qd3 32. gxh5 Qf5 33. hxg6+ Qxg6 34. Qxg6+ Kxg6 35. Bh4 Nb4 36. Bg3 Kf5 37. Rb1 Nd3 38. Kg2 e5 39. Rb7 f6 40. h4 Ne1+ 41. Kf1 Nf3 42. Kg2 e4 43. Rh7 Ra1 44. Rh5+ 0-1

[Event "RUS-chT Blitz Men 2018"]
[Site "Sochi"]
[Date "2018.10.10"]
[Round "13"]
[White "Zhakamukhov, Eduard"]
[Black "Chos, Alexey"]
[Result "1-0"]
[WhiteElo "2068"]
[BlackElo "2296"]
[Annotator "NA"]
[PlyCount "64"]
[EventDate "2018.10.10"]
[EventType "swiss"]
[EventCountry "RUS"]
[SourceTitle "playchess.com"]
[Source "ChessBase"]
[SourceQuality "1"]

1. e4 e5 2. Nf3 d6 3. Nc3 c6 4. d4 Nd7 5. dxe5 dxe5 6. Bc4 Be7 7. Be3 Ngf6 8. h3 Qc7 9. Qe2 b5 10. Bb3 b4 11. Na4 Nxe4 12. Bxa7 Rxa7 13. Qxe4 O-O 14. O-O Bb7 15. Qc4 Ba6 16. Qe4 Bxf1 17. Rxf1 c5 18. c4 Bf6 19. Bc2 g6 20. b3 Bg7 21. Rd1 Nb6 22. Nxb6 Qxb6 23. Bb1 Qb7 24. Rd5 f5 25. Qe3 e4 26. Ne5 Rc8 27. g4 Qe7 28. Qg3 Bxe5 29. Rxe5 Qf6 30. gxf5 g5 31. Rxe4 Rd8 32. Kg2 Re7 1-0

[Event "RUS-chT Blitz Men 2018"]
[Site "Sochi"]
[Date "2018.10.10"]
[Round "13"]
[White "Garifullina, Leya"]
[Black "Chigaev, Maksim"]
[Result "1-0"]
[WhiteElo "1962"]
[BlackElo "2599"]
[Annotator "TA"]
[PlyCount "110"]
[EventDate "2018.10.10"]
[EventType "swiss"]
[EventCountry "RUS"]
[SourceTitle "playchess.com"]
[Source "ChessBase"]
[SourceQuality "1"]

1. e4 g6 2. d4 Bg7 3. Nc3 d5 4. exd5 Nf6 5. Nf3 O-O 6. Bc4 Nbd7 7. Bb3 Nb6 8. O-O Nbxd5 9. Nxd5 Nxd5 10. c4 Nf6 11. h3 b6 12. d5 e6 13. Bg5 exd5 14. cxd5 Qd6 15. Qd4 Nd7 16. Qh4 Re8 17. Bf4 Qf6 18. Qxf6 Bxf6 19. Bxc7 Ba6 20. Rfe1 Bxb2 21. Rab1 Rxe1+ 22. Rxe1 Nc5 23. d6 Bb5 24. Bd5 Re8 25. Rb1 Nd3 26. Ng5 Re5 27. Ne4 Rxd5 28. Rxb2 Nxb2 29. Nf6+ Kf8 30. Nxd5 Ke8 31. Nf6+ Kf8 32. d7 Bxd7 33. Nxd7+ Ke7 34. Ne5 Ke6 35. f4 Na4 36. Kf2 Nc3 37. Bb8 a6 38. a3 b5 39. Ba7 Nd5 40. Kf3 h5 41. Bc5 g5 42. Nd3 f6 43. g4 hxg4+ 44. hxg4 Nc3 45. Bb4 Nd5 46. fxg5 fxg5 47. Nc5+ Ke5 48. Nxa6 Kd4 49. Bf8 Kc4 50. Ke4 Nf6+ 51. Kf5 Nd7 52. Be7 Kd5 53. Kxg5 Ne5 54. Kf5 Nc6 55. Bf8 Nd4+ 1-0

[Event "RUS-chT Blitz Men 2018"]
[Site "Sochi"]
[Date "2018.10.10"]
[Round "13"]
[White "Terzyan, Nazar"]
[Black "Alexeev, Alexey"]
[Result "0-1"]
[WhiteElo "1757"]
[BlackElo "2287"]
[Annotator "NA"]
[PlyCount "82"]
[EventDate "2018.10.10"]
[EventType "swiss"]
[EventCountry "RUS"]
[SourceTitle "playchess.com"]
[Source "ChessBase"]
[SourceQuality "1"]

1. e4 e6 2. Nc3 d5 3. g3 c5 4. Bg2 d4 5. Nce2 Nc6 6. d3 e5 7. f4 Bd6 8. Nf3 Nge7 9. O-O f6 10. f5 b5 11. g4 h6 12. Ng3 Bb7 13. h4 Qc7 14. Rf2 c4 15. g5 hxg5 16. hxg5 O-O-O 17. a4 a6 18. axb5 axb5 19. dxc4 bxc4 20. b3 c3 21. Ba3 Kd7 22. Bxd6 Qxd6 23. Rf1 fxg5 24. Nxg5 Qh6 25. Nf7 Qe3+ 26. Rf2 Qxg3 27. Nxd8 Kxd8 28. Ra4 Ng8 29. Qa1 Kd7 30. Ra7 Kc8 31. Qa4 Nge7 32. Qc4 Rh1+ 33. Kxh1 Qxf2 34. Qe6+ Kc7 35. Rxb7+ Kxb7 36. Qd7+ Kb6 37. Qd6 Qh4+ 38. Kg1 Qf6 39. Qd7 Qh6 40. Qe8 d3 41. cxd3 c2 0-1

[Event "RUS-chT Blitz Men 2018"]
[Site "Sochi"]
[Date "2018.10.10"]
[Round "13"]
[White "Kharitonov, Egor"]
[Black "Lugovskoy, Maxim"]
[Result "0-1"]
[WhiteElo "1686"]
[BlackElo "2428"]
[Annotator "TA"]
[PlyCount "102"]
[EventDate "2018.10.10"]
[EventType "swiss"]
[EventCountry "RUS"]
[SourceTitle "playchess.com"]
[Source "ChessBase"]
[SourceQuality "1"]

1. d4 d5 2. c4 e6 3. Nf3 a6 4. Qc2 Nf6 5. Bg5 Be7 6. cxd5 exd5 7. Nc3 c6 8. e3 Nbd7 9. Bd3 O-O 10. O-O Re8 11. Rab1 Nf8 12. h3 Bd6 13. Ne2 Be6 14. b4 Rc8 15. a4 Ng6 16. Nh4 Nf8 17. Nf5 Bb8 18. Nf4 Bxf4 19. Bxf4 Bxf5 20. Bxf5 Ne6 21. Bg3 g6 22. Bd3 Qd7 23. Be5 Qe7 24. Qe2 Nd7 25. Bg3 Nxd4 26. Qd2 Ne6 27. b5 axb5 28. axb5 Ndc5 29. bxc6 bxc6 30. Bc2 Qf6 31. Rb6 Nd7 32. Ra6 Nec5 33. Ra7 Nb6 34. Qb4 Ncd7 35. Rb1 c5 36. Qa5 Nc4 37. Qa2 Nde5 38. Rbb7 Rf8 39. Qa1 d4 40. exd4 cxd4 41. Bb3 Rcd8 42. Qd1 d3 43. Ra4 Nb2 44. Qd2 Nxa4 45. Bxa4 Nc4 46. Qd1 Nb2 47. Qb3 Nxa4 48. Qxa4 d2 49. Qd1 Qc6 50. Rb1 Qe4 51. f3 Qxb1 0-1

[Event "RUS-chT Blitz Men 2018"]
[Site "Sochi"]
[Date "2018.10.10"]
[Round "14"]
[White "Artemiev, Vladislav"]
[Black "Shkurkin, Andrey"]
[Result "1-0"]
[WhiteElo "2706"]
[BlackElo "2201"]
[Annotator "TA"]
[PlyCount "71"]
[EventDate "2018.10.10"]
[EventType "swiss"]
[EventCountry "RUS"]
[SourceTitle "playchess.com"]
[Source "ChessBase"]
[SourceQuality "1"]

1. d4 Nf6 2. c4 c5 3. Nf3 cxd4 4. Nxd4 Nc6 5. g3 g6 6. Bg2 Bg7 7. Nc3 O-O 8. O-O d6 9. Nc2 Be6 10. b3 Rc8 11. Bb2 Qa5 12. Ne3 Qh5 13. Bf3 Ng4 14. Nxg4 Bxg4 15. Bxg4 Qxg4 16. e3 Qh3 17. Qe2 Ne5 18. Nd5 Rfe8 19. f4 Qg4 20. Qg2 Nc6 21. Bxg7 Kxg7 22. Rad1 Qd7 23. e4 Qd8 24. Qb2+ Kg8 25. h4 Qa5 26. Kg2 Nb4 27. Qd2 Nc6 28. b4 Qa4 29. f5 b5 30. f6 exf6 31. Nxf6+ Kg7 32. Nxe8+ Rxe8 33. Qxd6 Qc2+ 34. Kg1 Ne5 35. Qf6+ Kg8 36. Rd8 1-0

[Event "RUS-chT Blitz Men 2018"]
[Site "Sochi"]
[Date "2018.10.10"]
[Round "14"]
[White "Dubov, Daniil"]
[Black "Chos, Alexey"]
[Result "1-0"]
[WhiteElo "2703"]
[BlackElo "2296"]
[Annotator "TA"]
[PlyCount "63"]
[EventDate "2018.10.10"]
[EventType "swiss"]
[EventCountry "RUS"]
[SourceTitle "playchess.com"]
[Source "ChessBase"]
[SourceQuality "1"]

1. Nf3 c5 2. e4 Nc6 3. Nc3 a6 4. g3 d6 5. Bg2 Bg4 6. h3 Bxf3 7. Bxf3 g6 8. O-O Bg7 9. Bg2 Nf6 10. d3 O-O 11. f4 Rc8 12. a4 e6 13. Kh2 d5 14. e5 Nd7 15. Ne2 f6 16. exf6 Nxf6 17. c3 e5 18. fxe5 Nxe5 19. Bf4 Nh5 20. Kh1 b6 21. d4 Nxf4 22. Nxf4 cxd4 23. cxd4 Nc4 24. Nxd5 Qd6 25. Rxf8+ Rxf8 26. Qb3 Nd2 27. Qd3 Rf2 28. Qe3 Rxg2 29. Ne7+ Kh8 30. Kxg2 Nc4 31. Qe4 Bxd4 32. Rd1 1-0

[Event "RUS-chT Blitz Men 2018"]
[Site "Sochi"]
[Date "2018.10.10"]
[Round "14"]
[White "Malakhov, Vladimir"]
[Black "Okun, Evgeny"]
[Result "1-0"]
[WhiteElo "2661"]
[BlackElo "2163"]
[Annotator "TA"]
[PlyCount "80"]
[EventDate "2018.10.10"]
[EventType "swiss"]
[EventCountry "RUS"]
[SourceTitle "playchess.com"]
[Source "ChessBase"]
[SourceQuality "1"]

1. Nf3 g6 2. e4 c5 3. d4 cxd4 4. Nxd4 Nc6 5. c4 d6 6. Nc3 Nf6 7. Be2 Nxd4 8. Qxd4 Bg7 9. Be3 O-O 10. Qd2 Bd7 11. O-O a5 12. f3 a4 13. Rac1 Bc6 14. Rfd1 Qa5 15. Nd5 Bxd5 16. Qxa5 Rxa5 17. cxd5 Nd7 18. Rc7 Nc5 19. Rd2 Bf6 20. g4 g5 21. e5 Bxe5 22. Bxg5 Bf6 23. Be3 e6 24. dxe6 fxe6 25. Rxd6 Be5 26. Rxc5 Rxc5 27. Bxc5 Bxd6 28. Bxd6 Rd8 29. Be5 Rd5 30. Bc3 Rc5 31. a3 Kf7 32. Kf2 h5 33. Kg3 hxg4 34. fxg4 e5 35. h4 Ke6 36. Bd3 Kd5 37. Kf3 Rc8 38. Be4+ Kc4 39. Bxe5 Rf8+ 40. Bf5 Kd5 1-0

[Event "RUS-chT Blitz Men 2018"]
[Site "Sochi"]
[Date "2018.10.10"]
[Round "14"]
[White "Paravyan, David"]
[Black "Rakhmanov, Aleksandr"]
[Result "1-0"]
[WhiteElo "2629"]
[BlackElo "2634"]
[Annotator "TA"]
[PlyCount "73"]
[EventDate "2018.10.10"]
[EventType "swiss"]
[EventCountry "RUS"]
[SourceTitle "playchess.com"]
[Source "ChessBase"]
[SourceQuality "1"]

1. d4 Nf6 2. c4 d6 3. Nc3 e5 4. Nf3 Nc6 5. d5 Ne7 6. g3 Ng6 7. Bg2 Be7 8. O-O O-O 9. e4 Nd7 10. Be3 a5 11. a3 Nb6 12. b3 f5 13. exf5 Bxf5 14. Nd2 Nd7 15. Nde4 Nf6 16. Nxf6+ Bxf6 17. Ne4 b6 18. h4 h6 19. h5 Nh8 20. b4 Qd7 21. c5 Bg4 22. Qc2 bxc5 23. bxc5 Bxh5 24. cxd6 cxd6 25. Qc6 Qxc6 26. dxc6 Be7 27. Nc3 Rac8 28. Nd5 Bd8 29. c7 Rxc7 30. Nxc7 Bxc7 31. Rab1 Nf7 32. Rfc1 Bd8 33. Rb8 Bg4 34. Bd5 Bd7 35. Ra8 g5 36. Rb1 Be7 37. Ra7 1-0

[Event "RUS-chT Blitz Men 2018"]
[Site "Sochi"]
[Date "2018.10.10"]
[Round "14"]
[White "Ponkratov, Pavel"]
[Black "Girshgorn, Leonid"]
[Result "1-0"]
[WhiteElo "2628"]
[BlackElo "1925"]
[Annotator "TA"]
[PlyCount "53"]
[EventDate "2018.10.10"]
[EventType "swiss"]
[EventCountry "RUS"]
[SourceTitle "playchess.com"]
[Source "ChessBase"]
[SourceQuality "1"]

1. c4 Nf6 2. Nc3 e6 3. e4 d5 4. e5 d4 5. exf6 dxc3 6. bxc3 Qxf6 7. Nf3 c5 8. Rb1 Nc6 9. Bd3 Bd6 10. Be4 O-O 11. d4 h6 12. O-O Rd8 13. Be3 Qe7 14. Re1 Qc7 15. Bc2 cxd4 16. cxd4 Nb4 17. Bb3 b6 18. Qe2 Bb7 19. h3 Nc6 20. Rbc1 Rac8 21. d5 Na5 22. dxe6 fxe6 23. Nd4 Qf7 24. Qg4 Re8 25. Bxh6 Nxb3 26. axb3 e5 27. Bxg7 1-0

[Event "RUS-chT Blitz Men 2018"]
[Site "Sochi"]
[Date "2018.10.10"]
[Round "14"]
[White "Grachev, Boris"]
[Black "Kretov, Evgenij"]
[Result "1/2-1/2"]
[WhiteElo "2626"]
[BlackElo "2219"]
[Annotator "TA"]
[PlyCount "123"]
[EventDate "2018.10.10"]
[EventType "swiss"]
[EventCountry "RUS"]
[SourceTitle "playchess.com"]
[Source "ChessBase"]
[SourceQuality "1"]

1. d4 Nf6 2. Bf4 e6 3. e3 d5 4. Nd2 Bd6 5. Bg3 O-O 6. Bd3 c5 7. c3 Qc7 8. Bxd6 Qxd6 9. f4 b6 10. Qe2 a5 11. Ngf3 Ba6 12. Ne5 Bxd3 13. Qxd3 Nfd7 14. O-O f6 15. Nef3 Nc6 16. Rad1 c4 17. Qc2 b5 18. Kh1 f5 19. Ne5 Nf6 20. Rg1 Qc7 21. Ndf3 Nxe5 22. Nxe5 Nd7 23. Nf3 Nf6 24. Ne5 Nd7 25. g4 Nxe5 26. dxe5 Qf7 27. h3 Ra7 28. Rg2 g6 29. Rdg1 Qe7 30. Qf2 Rf7 31. h4 fxg4 32. Rxg4 Rf5 33. Rg5 Rxg5 34. Rxg5 Qe8 35. h5 Rg7 36. Qg3 Kf8 37. Kh2 Qf7 38. h6 Rg8 39. Qh4 Qe7 40. Qf2 Kf7 41. Rg2 Rb8 42. Kh3 b4 43. Qf3 bxc3 44. bxc3 Rb1 45. Rg3 Rb2 46. f5 exf5 47. Qxd5+ Qe6 48. Qxa5 f4+ 49. Rg4 Rh2+ 50. Kxh2 Qxg4 51. Qc7+ Kf8 52. Qg7+ Ke8 53. Qh8+ Kd7 54. Qxh7+ Kc6 55. exf4 Qh4+ 56. Kg2 Qg4+ 57. Kh2 Qh4+ 58. Kg2 Qg4+ 59. Kf2 Qxf4+ 60. Kg2 Qg4+ 61. Kf2 Qf4+ 62. Kg2 1/2-1/2

[Event "RUS-chT Blitz Men 2018"]
[Site "Sochi"]
[Date "2018.10.10"]
[Round "14"]
[White "Alekseev, Evgeny"]
[Black "Tatarintsev, Egor"]
[Result "1-0"]
[WhiteElo "2620"]
[BlackElo "2086"]
[Annotator "TA"]
[PlyCount "65"]
[EventDate "2018.10.10"]
[EventType "swiss"]
[EventCountry "RUS"]
[SourceTitle "playchess.com"]
[Source "ChessBase"]
[SourceQuality "1"]

1. e4 e6 2. d4 d5 3. Nc3 dxe4 4. Nxe4 Bd7 5. Nf3 Bc6 6. Bd3 Nd7 7. O-O Ngf6 8. Ned2 Be7 9. Nc4 Bxf3 10. Qxf3 c6 11. c3 O-O 12. Bf4 Nb6 13. Ne5 Nbd5 14. Bg3 Qb6 15. Nc4 Qd8 16. Rad1 Re8 17. Rfe1 Bf8 18. h3 Nb6 19. Ne5 Qd5 20. Qe2 Qxa2 21. Bh4 Nbd5 22. Qf3 Be7 23. Re2 Qb3 24. Bc2 Qb6 25. g4 h6 26. Bg3 Rf8 27. h4 Qd8 28. g5 hxg5 29. hxg5 Nh7 30. Bxh7+ Kxh7 31. Qh5+ Kg8 32. f4 g6 33. Nxg6 1-0